000 00534nam a2200193 a 4500
001 BRCA_2536
005 20190320203844.0
008 261108s1939----enka---###---#000-0#eng-u
050 4 _aNK4670
_b.L36 1939
100 1 _aLane, Edward Arthur
_97276
245 1 0 _aA Guide to the Collection of Tiles
_cArthur Lane.
260 _aLondon
_bPublished
_c1939
300 _a75 p.
_bil., 48 láminas
_c25 cm.
500 _aIncluye lista de láminas
500 _aA22
650 1 4 _aAzulejos
_zInglaterra
_97277
902 _aGFM
942 _2lcc
_cB
999 _c2277
_d2277